Οι διατάξεις του δικαίου της θάλασσας στην Ελληνοτουρκική οριοθέτηση των θαλλασσίων συνόρων τους και οι οικονομικές προεκτάσεις της μη εφαρμογής τους στην οικονομία της Ελλάδας : πτυχιακή εργασία [μεταπτυχιακή διατριβή]
Αποθηκεύτηκε σε:
| Κύριος συγγραφέας: | |
|---|---|
| Άλλοι συγγραφείς: | |
| Μορφή: | Thesis Βιβλίο |
| Γλώσσα: | Greek |
| Δημοσίευση: |
2008.
|
| Θέματα: | |
| Διαθέσιμο Online: | http://hdl.handle.net/11610/12350 |
| Ετικέτες: |
Προσθήκη ετικέτας
Δεν υπάρχουν, Καταχωρήστε ετικέτα πρώτοι!
|
MARC
| LEADER | 00000cam a2200000 i 4500 | ||
|---|---|---|---|
| 001 | 1/91650 | ||
| 008 | 080730s2008 gre d | ||
| 035 | |l 10099276 | ||
| 040 | |a GR-MY-UA |b gre |e aacr | ||
| 041 | 0 | |a gre | |
| 082 | 7 | |a 341.448 |2 (22) | |
| 100 | 1 | |a Μαντικός, Μιχαήλ. | |
| 245 | 1 | 3 | |a Οι διατάξεις του δικαίου της θάλασσας στην Ελληνοτουρκική οριοθέτηση των θαλλασσίων συνόρων τους και οι οικονομικές προεκτάσεις της μη εφαρμογής τους στην οικονομία της Ελλάδας : |b πτυχιακή εργασία [μεταπτυχιακή διατριβή] / |c Μαντικός Μιχαήλ ; Ιωάννης Σεϊμένης (επιβλέπων). |
| 260 | |c 2008. | ||
| 300 | |a 101 σ. ; |c 30 εκ. | ||
| 502 | |a Διατριβή (μεταπτυχιακή) – Πανεπιστήμιο Αιγαίου, Ρόδος, 2008. | ||
| 504 | |a Περιλαμβάνει βιβλιογραφίες. | ||
| 610 | 2 | 0 | |a University of the Aegean |x Dissertations. |
| 650 | 0 | 0 | |a Law of the sea. |
| 650 | 0 | 0 | |a Continental shelf |z Aegean sea. |
| 650 | 0 | 0 | |a Territorial waters. |
| 650 | 0 | 0 | |a Maritime law |z Greece. |
| 650 | 0 | 0 | |a Dissertations, Academic |z Greece. |
| 700 | 1 | |a Σεϊμένης, Γιάννης. |4 ths | |
| 852 | |a INST |b RHODES |c DIATR |e 20080730 |h 341.448 ΜΑΝ |p 005400028845 |q 005400028845 |t MTXE |y 23 | ||
| 852 | |a INST |b RHODES |c DIATR |e 20080730 |h 341.448 ΜΑΝ |p 005400028846 |q 005400028846 |t MTXE |y 23 | ||
| 856 | |u http://hdl.handle.net/11610/12350 | ||
| 901 | |a BIBL4-2008-2 | ||
| 909 | |a Ρ |b 150369 | ||
| 909 | |a Ρ |b 150370 | ||
| 924 | |a ΜΑΝΤΙΚΟΣ |b ΜΙΧΑΗΛ |y Ρόδος |z 2008-07 | ||
| 970 | |a ΜΙΣΣΟΣ |b ΣΤΑΥΡΟΣ |z 2008/07/30 | ||